Регионална библиотека "Любен Каравелов" - Русе

За задачите на партийната пропаганда при съвременните условия (Запис номер 438668)

MARC детайли
000 -Лидер
Контролно поле с фиксирана дължина nam a22 a 4500
003 - Код на организацията, давaща контролен номер
Контролно поле BLK
005 - Дата и час на последна редакция
Контролно поле 20211201101006.0
008 - Елементи от данни с фиксирана дължина
fixed length control field 210423b bu |||||r|||||||| ||bu d
040 ## - Източник на каталожния запис
Идентификатор на билиотеката - собственик на записа BLK
041 ## - Код за език
Код за езика на текст/звукозапис или на отделно заглавие Български
Код за езика КДБФ Български
080 ## - УДК
Текстов определител УДК Обществено мнение. Обществено-политическа дейност. Пропаганда
УДК код - определител по УДК 32.019.5
УДК - код + определител 32.019.5
080 ## - УДК
Текстов определител УДК Политическо влияние. Агитация. Митинги, демонстрации, манифестации, петиции
УДК код - определител по УДК 323.23
УДК - код + определител 323.23
110 ## - Редна дума - колетивен орган
9 (RLIN) 359692
Редна дума - наименование на организация или юридическо лице ЦК КПСС
139 ## - Редно поле
Редна дума За задачите на партийната пропаганда при съвременните условия
245 ## - Сведения за заглавието
Заглавие За задачите на партийната пропаганда при съвременните условия
Подзаглавни данни Постановление на ЦК на КПСС от 9 ян. 1960 г.
Редно поле (дума) [Прев. от рус.]
260 ## - Област на издателските данни
9 (RLIN) 212206
Място на издаване, разпространение и проч. София
Година на издаване 1960
Име на издателя, разпространителя и проч. БКП
300 ## - Физическа характеристика
Страници 31 с.
Размери/Мащаб 20 см
380 ## - Жанр
Жанр Обществени науки
650 #0 - Допълнително описание по предмет – тема
9 (RLIN) 465561
Основно описание – тема или топоним Партийна пропаганда
650 #0 - Допълнително описание по предмет – тема
9 (RLIN) 315778
Основно описание – тема или топоним Партийно-политическа работа
653 #7 - Ключова дума – ненормативна
9 (RLIN) 194237
Ключова дума постановления
852 ## - Местоположение
Форматна сигнатура Цб 15802
Фондова буква Хранилище
999 ## - СИСТЕМНИ КОНТРОЛНИ НОМЕРА
Koha biblionumber 438668
Koha biblioitemnumber 438668
942 ## - АРТИКУЛИ
Вид на библиотечния материал Книги
Скрит в OPAC Не
Периодичен библиозапис Да
944 ## - СЪЗДАВАНЕ И РЕДАКЦИЯ на ЗАПИСА
Създаване/Редакция Създаване
Дата на регистрацията/редакция 2021-12-01
Служител, извършил регистрацията/редакцията Ренета Константинова
Наличности
Код за отписване Код за изгубен артикул Източник на класификационната схема Код за повреда Коз за рестрикции Код за отдаване Артикулен № Име на библиотеката - собственик Име на библиотеката, в която се намира в момента Статус (Текущо местоположение) Дата на вписване в системата Местоположение - отдел Цена в лева Инвентарен номер Систематично азбучна сигнатура Баркод Цена в евро Служебен тип на артикула
  Не е изгубен Universal Decimal Classification Не е повреден само за читалня ползва се в читалня 864296 Регионална библиотека "Любен Каравелов" Русе Регионална библиотека "Любен Каравелов" Русе Хранилище 2021-12-02 Основен фонд - ползва се само за читалня 0.05 972/60 Цб 15802 900000084381 0.03 Книги
Vip Innovations Ltd, Rousse, Bulgaria 2025